Microbes concepts and applications
"This book connects the basic biology of microbes, microbial biodiversity, advances in microbialomics, and the role microbes play in modern biotechnology, agriculture, food science, and environmental remediation. In short, it offers the most complete treatment of microbial biology available. Ea...
Wedi'i Gadw mewn:
| Prif Awdur: | |
|---|---|
| Awduron Eraill: | , |
| Fformat: | Llyfr |
| Iaith: | English |
| Cyhoeddwyd: |
Hoboken, N.J.
Wiley-Blackwell
2012
|
| Pynciau: | |
| Tagiau: |
Ychwanegu Tag
Dim Tagiau, Byddwch y cyntaf i dagio'r cofnod hwn!
|
| Thư viện lưu trữ: | Mạng thư viện Đại học Đà Nẵng |
|---|
| LEADER | 01939nam a2200385 4500 | ||
|---|---|---|---|
| 001 | 000024393 | ||
| 003 | 20881 | ||
| 005 | 20161207151213.0 | ||
| 008 | 161207s2012 engsd | ||
| 020 | |a 9780470905944 | ||
| 041 | 0 | |a eng | |
| 082 | 1 | 4 | |a 616.9041 |b BI-P |
| 100 | 1 | |a Bisen, Prakash S. | |
| 245 | 1 | 0 | |a Microbes |b concepts and applications |c Prakash S. Bisen, Mousumi Debnath, Godavarthi B.K.S. Prasad. |
| 260 | |a Hoboken, N.J. |b Wiley-Blackwell |c 2012 | ||
| 300 | |a xv, 699 p. |b ill. (some col.) |c 26 cm. | ||
| 504 | |a Includes bibliographical references and index. | ||
| 520 | 3 | |a "This book connects the basic biology of microbes, microbial biodiversity, advances in microbialomics, and the role microbes play in modern biotechnology, agriculture, food science, and environmental remediation. In short, it offers the most complete treatment of microbial biology available. Each chapter contains a detailed account of what is known about the microbes and how key discoveries were made, the latest advances in microbialomics, and future directions, many of which may inspire current undergraduate and graduate students in their own research in medicine, biotechnology, or environmental science"-- |c Provided by publisher. | |
| 650 | 0 | 4 | |a Microbiology. |
| 650 | 0 | 4 | |a Microbial diversity. |
| 650 | 0 | 4 | |a Microbial ecology. |
| 650 | 0 | 4 | |a Microbial biotechnology. |
| 653 | |a Microorganisms | ||
| 700 | 1 | |a Debnath, Mousumi. | |
| 700 | 1 | |a Prasad, Godavarthi B. K. S. | |
| OWN | |a LSP | ||
| AVA | |a UDN50 |b LSP |d 616.9041 BI-P |e available |t Error 5001 Not defined in file expand_doc_bib_avail. |f 1 |g 0 |h N |i 0 |k 1 | ||
| 999 | |a From the UDN01 | ||
| AVA | |a UDN50 |b LSP |d 616.9041 BI-P |e available |t Error 5001 Not defined in file expand_doc_bib_avail. |f 1 |g 0 |h N |i 0 |k 1 | ||
| TYP | |a Monograph | ||
| TYP | |a Printed language | ||
| 980 | |a Mạng thư viện Đại học Đà Nẵng | ||


